NBA Players from Saint Louis - Statistics

General Stats
  • This quiz has been taken 24 times
    4 since last reset
  • The average score is 9 of 14
Answer Stats
Position Player Draft Year % Correct
F Anthony Bonner 1990
100%
FC Bob Ferry 1959
75%
PG David Burns 1981
75%
FC Ed Macauley 1949
75%
F Willie Reed 2011
75%
PG Yuri Collins 2023
75%
G Barry Orms 1968
50%
C Bevo Nordmann 1961
50%
G D.C. Wilcutt 1948
50%
SG Jordan Goodwin 2021
50%
G Larry Hughes 1998
50%
GF Marv Schatzman 1949
50%
C Rich Niemann 1968
50%
FC Robin Jones 1975
50%
No matching quizzes found
Score Distribution
Percent of People with Each Score
Percentile by Number Answered
Your Score History
You have not taken this quiz since the last reset